书目信息 |
| 题名: |
油画棒零基础手绘入门
|
|
| 作者: | 张鹏宇 编著 | |
| 分册: | ||
| 出版信息: | 北京 人民邮电出版社 2022 |
|
| 页数: | 120页 | |
| 开本: | 21cm | |
| 丛书名: | ||
| 单 册: | ||
| 中图分类: | J216 | |
| 科图分类: | ||
| 主题词: | 蜡笔画--绘画技法 | |
| 电子资源: | ||
| ISBN: | 978-7-115-58250-8 | |
| 000 | 00904nam0 2200229 450 | |
| 001 | 2231086404 | |
| 005 | 20220929083823.07 | |
| 010 | @a978-7-115-58250-8@dCNY49.80 | |
| 100 | @a20220329d2022 em y0chiy50 ea | |
| 101 | 0 | @achi |
| 102 | @aCN@b110000 | |
| 105 | @aa z 000yy | |
| 200 | 1 | @a油画棒零基础手绘入门@9you hua bang ling ji chu shou hui ru men@f张鹏宇编著 |
| 210 | @a北京@c人民邮电出版社@d2022 | |
| 215 | @a120页@d21cm | |
| 300 | @a10分钟快画! | |
| 330 | @a本书分为两部分,第1部分是快速绘画秘诀篇,秘诀1介绍了油画棒的使用特点、画纸选择、常用技法和辅助工具;秘诀2介绍了快速使用油画棒作画的模板;秘诀3介绍了创意手法;秘诀4介绍了使用油画棒配合创新“画具”。第2部分是快速绘画创作篇,由多姿植物、质感瞬间、唯美风景、致敬经典4类案例组成。 | |
| 606 | 0 | @a蜡笔画@x绘画技法 |
| 690 | @aJ216@v5 | |
| 701 | 0 | @a张鹏宇@9zhang peng yu@4编著 |
| 801 | 0 | @aCN@b91MARC@c20220425 |
| 905 | @aZUCC@dJ216@e3 | |
| 油画棒零基础手绘入门/张鹏宇编著.-北京:人民邮电出版社,2022 |
| 120页;21cm |
| 10分钟快画! |
| ISBN 978-7-115-58250-8:CNY49.80 |
| 本书分为两部分,第1部分是快速绘画秘诀篇,秘诀1介绍了油画棒的使用特点、画纸选择、常用技法和辅助工具;秘诀2介绍了快速使用油画棒作画的模板;秘诀3介绍了创意手法;秘诀4介绍了使用油画棒配合创新“画具”。第2部分是快速绘画创作篇,由多姿植物、质感瞬间、唯美风景、致敬经典4类案例组成。 |
| ● |
| 相关链接 |
|
|
|
正题名:油画棒零基础手绘入门
索取号:J216/3
 
预约/预借
| 序号 | 登录号 | 条形码 | 馆藏地/架位号 | 状态 | 备注 |
| 1 | 2000905738 | 2000905738 | 第三书库/ [索取号:J216/3] | 在馆 | |
| 2 | 2000905739 | 2000905739 | 第三书库/ [索取号:J216/3] | 在馆 | |
| 3 | 2000905740 | 2000905740 | 第三书库/ [索取号:J216/3] | 在馆 |